| 000 | 00389 a2200157 4500 | ||
|---|---|---|---|
| 001 | 155206 | ||
| 040 | _cEscola São Tomás de Aquino | ||
| 100 | _aSOUZA, Jair de Oliveira | ||
| 240 | 1 | 0 |
_aIpor Supuesto! _lpor |
| 245 | 1 | 0 | _aIpor Supuesto! |
| 300 | _a319 | ||
| 362 | 0 | _a2003319 | |
| 440 | 1 | _aFTD | |
| 697 | _aSistemas de escrita, fonologia, fonética da norma espanhola | ||
| 942 | _cBK | ||
| 999 |
_c155206 _d155206 |
||